| 000 | 00638nam a22002417a 4500 | ||
|---|---|---|---|
| 005 | 20171212142231.0 | ||
| 008 | 171212b xxu||||| |||| 00| 0 spa d | ||
| 041 | _aspa | ||
| 082 | _a972.866 D542g | ||
| 100 |
_aDiaz Castaneda, Zoraida _944925 |
||
| 245 | _aGuanacaste: retratos de vida=Life portraits | ||
| 260 | _aCosta Rica | ||
| 260 | _bBeach times Publishing | ||
| 260 | _c2008 | ||
| 300 | _a160 páginas | ||
| 650 |
_aCOSTA RICA _944926 |
||
| 650 |
_aGUANACASTE _91778 |
||
| 650 |
_aHISTORIA _943 |
||
| 650 |
_aDESCRIPCIONES Y VIAJES _944927 |
||
| 650 |
_aCULTURA _91093 |
||
| 650 |
_aFOTOGRAFÍAS _91590 |
||
| 942 | _cBK | ||
| 999 |
_c10099 _d10099 |
||